Flaggen von Überseegebieten - Statistiken

Allgemein
  • Dieses Quiz wurde 49 mal gespielt
  • Das Durchschnittsergebnis liegt bei 17 aus 41
Antwortstatistiken
Bildquiz Antwort % Korrekt
Grönland
97%
Puerto Rico
94%
Aruba
85%
Faröer
68%
Guam
62%
Isle of Men
62%
Mayotte
62%
Aland
59%
Amerikanische Jungferninseln
59%
Britische Jungferninseln
56%
Curaçao
56%
Bermuda
53%
Falklandinseln
53%
Neukaledonien
50%
Anguilla
47%
Guadeloupe
47%
Jersey
47%
Niue
47%
Sint Maarten
47%
Amerikanisch-Samoa
44%
Norfolkinseln
44%
Nördliche Marianen
41%
Tokelau
41%
Cookinseln
38%
Französisch-Polynesien
35%
Montserrat
35%
Französisch Guyana
29%
Martinique
29%
Réunion
26%
Saint-Barthélemy
24%
St. Helena
24%
Turks- und Caicosinseln
24%
Wallis und Futuna
24%
Kaimaninseln
21%
Karibische Niederlande
21%
Pitcairninseln
21%
Französische Süd- und Antarktisgebiete
18%
Saint-Pierre und Miquelon
18%
Saint Martin
15%
Gurnsey
12%
Südgeorgien und die Südlichen Sandwichinseln
12%
Keine übereinstimmenden Quizze gefunden
Verteilung der Resultate
Anzahl Personen mit jedem Resultat
Perzentil nach korrekt beantworteten Fragen
Ihre Resultats-Entwicklung
Sie haben dieses Quiz noch nicht gespielt